000 00476nam a2200169Ia 4500
005 20250423101040.0
008 250422s9999 xx 000 0 und d
020 _a0938529005
050 _aHD 58.9 .S83/
245 0 _aSuccessful manager's handbook : development suggestions for today's manager
260 _aMinneapolis
260 _bPersonnel decisions, inc.
260 _c1989
300 _a457 p
650 _aOrganizational effectiveness. Management.
942 _cBK
999 _c35129
_d35129